| 000 | 00775nam a2200241Ia 4500 | ||
|---|---|---|---|
| 003 | OSt | ||
| 005 | 20210610144219.0 | ||
| 008 | 210310s1958 mx gr 000 0 spa d | ||
| 040 |
_aCO-JMCR _cCO-JMCR |
||
| 041 | 1 |
_aspa _heng |
|
| 082 | 0 | 4 |
_a331.88094 / _bP451t _223 |
| 100 | 1 |
_aPerlman, Selig. _eautor _926679 |
|
| 245 | 1 | 0 |
_aTeoría del movimiento obrero / _cSlig Perlman |
| 260 |
_aMéxico : _bAguilar, _c1958. |
||
| 300 |
_a365 páginas ; _c19 cm. |
||
| 490 | 0 | _aBiblioteca de ciencias económicas, políticas y sociales | |
| 490 | 0 | _aEconomía | |
| 501 | _aCon: notas a pie de página. | ||
| 505 | 0 | _aHistórica primera parte. -- Teoría del movimiento obrero. | |
| 650 | 1 | 4 |
_aRevolución Rusa _938335 |
| 650 | 2 | 4 |
_aMovimientos obreros _96615 |
| 942 |
_2ddc _cBK |
||
| 999 |
_c11874 _d11874 |
||